Rozhlas. č. 1-26, 1987 Programy rozhlasu a televízie

Bibliographic Details
Format: Book
Language:Undetermined
Published: Bratislava Pravda 1987

MARC

LEADER 00000nam a2200000 a 4500
001 vtls001281502
003 SK-MaSNL
005 20260224052525.0
008 210928s1987 xx 0 und
035 |a SNK000232921 
040 |a SNK  |b slo  |c SNK  |e AACR2 
245 1 |a Rozhlas. č. 1-26, 1987  |b Programy rozhlasu a televízie 
260 |a Bratislava  |b Pravda  |c 1987 
958 |a OND 
999 |c 865513  |d 867443 
952 |a SNK  |b SNK  |y PREZ  |7 0  |p 17A0058322  |o snkČSB 359/1/1987  |0 0  |1 0  |4 0  |d 1997-04-01  |l 0  |r 2005-01-02 00:00:00  |w 2026-02-24